Statistics for Fruit & Vegetable Varieties Quiz

Click here to take the quiz!

General Stats

  • This quiz has been taken 47,565 times
    (34,809 since last reset)
  • The average score is 13 of 21

Answer Stats

VarietiesAnswer% Correct
Braeburn, Granny SmithApple
99%
Jalapeño, BellPepper
95%
Iceberg, RomaineLettuce
91%
Morel, ShiitakeMushroom
86%
Butternut, AcornSquash
84%
Honeydew, MuskMelon
80%
Beefsteak, RomaTomato
77%
Valencia, NavelOrange
77%
Fuji, McIntoshApple
68%
Yukon Gold, RussetPotato
65%
Concord, Red GlobeGrape
57%
Kalamata, CerignolaOlive
54%
Bartlett, AnjouPear
51%
Chanterelle, OysterMushroom
50%
Key, PersianLime
47%
Vidalia, YellowOnion
43%
Hass, MonroeAvocado
38%
Bing, RainierCherry
35%
Daikon, IcicleRadish
29%
Meyer, EurekaLemon
25%
Cavendish, Gros MichelBanana
20%

Score Distribution

Percentile by Number Answered

Percent of People with Each Score

Your Score History

You have not taken this quiz since the last reset